[Event "FSIMB December"]
[Site "Budapest HUN"]
[Date "1999.12.05"]
[Round "2"]
[White "Spielmann,Al"]
[Black "Weglarz,L"]
[Result "0-1"]
[WhiteElo "2241"]
[BlackElo "2400"]

1.d4 d5 2.Nf3 e6 3.c4 dxc4 4.e3 c5 5.Bxc4 Nf6 6.O-O a6 7.a4 Nc6 8.Qe2 Qc7
9.Nc3 Bd6 10.Rd1 O-O 11.h3 b6 12.dxc5 bxc5 13.b3 Bb7 14.Ba3 Rfd8 15.Rd2 Ne5
16.Nxe5 Bxe5 17.Rc1 Qc6 18.f3 Qc7 19.Rxd8+ Rxd8 20.Qc2 Bxf3 21.Bxa6 Bxc3
22.Qxc3 Ne4 23.Qe1 Rd2 24.Bf1 Ra2 25.Bxc5 h5 26.Bd4 Qb8 27.Ra1 Rd2 28.a5 e5
29.gxf3 exd4 30.Bg2 dxe3 31.fxe4 Qf4 32.a6 Qg5 33.Qf1 Rf2 34.a7 Rxf1+ 35.Kxf1 e2+
36.Kf2 e1=Q+ 37.Kxe1 Qe3+ 38.Kd1 Qd3+ 39.Ke1 Qe3+ 40.Kd1 Qd3+ 41.Ke1 Qc3+  0-1

[Event "City-ch"]
[Site "Mar del Plata ARG"]
[Date "1999.12.09"]
[Round "13"]
[White "Braga,F"]
[Black "Quatrini,A"]
[Result "1-0"]
[WhiteElo "2461"]
[BlackElo "2140"]

1.d4 d5 2.c4 dxc4 3.e3 Nf6 4.Bxc4 e6 5.Nf3 c5 6.Nc3 a6 7.O-O b5 8.Bb3 Bb7
9.a3 Be7 10.Qe2 O-O 11.dxc5 Bxc5 12.e4 Qb6 13.Bg5 Nc6 14.e5 Nd7 15.Rad1 Nd4
16.Nxd4 Bxd4 17.Rxd4  1-0

[Event "Young Masters"]
[Site "Groningen NED"]
[Date "1999.12.20"]
[Round "2"]
[White "Nenashev,A"]
[Black "Giffard,N"]
[Result "1-0"]
[WhiteElo "2584"]
[BlackElo "2360"]

1.d4 d5 2.c4 dxc4 3.Nf3 Nf6 4.e3 e6 5.Bxc4 c5 6.Qe2 cxd4 7.exd4 Be7 8.O-O O-O
9.Nc3 a6 10.Bg5 b5 11.Bb3 Bb7 12.Rad1 b4 13.d5 bxc3 14.dxe6 Qc7 15.exf7+ Kh8
16.Nd4 cxb2 17.Rfe1 Nc6 18.Ne6 Qc8 19.Nxf8 Qxf8 20.Qxb2 h6 21.Bxh6 gxh6 22.Rd7 Qg7
23.Rxb7 Bf8 24.Re6 Rc8 25.Rxf6 Ne5 26.Rbb6  1-0

[Event "Young Masters"]
[Site "Groningen NED"]
[Date "1999.12.22"]
[Round "4"]
[White "Nenashev,A"]
[Black "Van den Doel,E"]
[Result "1-0"]
[WhiteElo "2584"]
[BlackElo "2528"]

1.d4 d5 2.c4 dxc4 3.Nf3 e6 4.e3 Nf6 5.Bxc4 c5 6.Qe2 cxd4 7.exd4 a6 8.O-O b5
9.Bb3 Be7 10.Nc3 O-O 11.Bg5 Nc6 12.Rad1 Nd5 13.Nxd5 exd5 14.Bxe7 Nxe7 15.Ne5 Bf5
16.Rfe1 Rc8 17.Nd3 Bxd3 18.Rxd3 Nc6 19.Qh5 Qf6 20.Bxd5 Nxd4 21.Red1 g6 22.Qg4 Nf5
23.b4 Rfe8 24.g3 Rc2 25.Qf4 Rce2 26.h3 h5 27.Kf1 Kg7 28.Rf3 Qe7 29.Kg2 h4
30.Bc6 Rc8 31.g4 Rxc6 32.gxf5 Re5 33.Rd7 Qf6 34.fxg6 Rg5+ 35.Kh2 Qxf4+ 36.Rxf4 Rcxg6
37.Rdxf7+ Kg8 38.Rf8+ Kh7 39.R4f7+ Rg7 40.Rxg7+ Kxg7 41.Rf4 Rd5 42.Rg4+ Kf7
43.Rxh4 Rd2 44.Rf4+ Kg6 45.a3 Rd3 46.Rg4+ Kf5 47.Rg3 Rd4 48.Rf3+ Kg5 49.Kg3 Rc4
50.Rd3 Kf5 51.f3 Rc6 52.Rd5+ Kg6 53.Kg4 Kg7 54.Rd7+ Kg6 55.f4 a5 56.Rd5 a4
57.Rd3 Rc1 58.h4 Rg1+ 59.Rg3 Rb1 60.h5+ Kh6 61.f5 Rf1 62.Rf3 Rg1+ 63.Kf4  1-0

[Event "It"]
[Site "Pamplona ESP"]
[Date "1999.12.27"]
[Round "1"]
[White "Magem Badals,J"]
[Black "De la Villa Garcia,J"]
[Result "1/2-1/2"]
[WhiteElo "2528"]
[BlackElo "2473"]

1.d4 d5 2.Nf3 Nf6 3.c4 dxc4 4.e3 e6 5.Bxc4 c5 6.O-O a6 7.Bb3 Nc6 8.Nc3 Be7
9.Qe2 cxd4 10.Rd1 O-O 11.exd4 Nb4 12.Bg5 Bd7 13.a3 Nbd5 14.Nxd5  1/2-1/2

[Event "Alushta3"]
[Site "Alushta"]
[Date "1999.??.??"]
[Round "?"]
[White "Moiseenko, Alexander"]
[Black "Zubov, Oleksander"]
[Result "0-1"]
[WhiteElo "2419"]
[BlackElo "2328"]

1.d4 Nf6 2.Nf3 d5 3.c4 dxc4 4.e3 e6 5.Bxc4 c5 6.O-O a6 7.Bb3 b5 8.a4 Bb7
9.axb5 axb5 10.Rxa8 Bxa8 11.Nc3 b4 12.Ba4+ Nbd7 13.Nb5 Be7 14.dxc5 O-O 15.Bd2 Bxc5
16.Nbd4 Qb6 17.Qe2 e5 18.Nb3 Be7 19.h3 Qe6 20.Nc1 Bd5 21.Ng5 Qf5 22.e4 Nxe4
23.g4 Nxg5 24.gxf5 Nf3+ 25.Qxf3 Bxf3 26.Bxd7 Rd8 27.Bxb4 Bxb4 28.Bb5 Rd2
29.Nd3 Bd6 30.Rc1 h5 31.Ne1 Be4 32.f6 gxf6 33.Bc6 Bf5 34.h4 Rxb2 35.Ng2 Rb4
36.Bf3 Bg6 37.Bd5 Rd4 38.Bf3 f5 39.Rd1 Rxd1+ 40.Bxd1 f4 41.Kf1 e4 42.f3 f5
43.Bb3+ Kg7 44.Bc4 Kf6 45.Ba6 Ke5 46.Bb5 Kd4 47.Ke2 Bf7 48.Kf2 Kc3 49.Ke2 Bd5
50.Ne1 Be7 51.Be8 Bc4+ 52.Kd1 Bxh4 53.fxe4 fxe4 54.Bxh5 Bxe1 55.Kxe1 Kd3  0-1

[Event "Cappelle op"]
[Site "Cappelle la Grande"]
[Date "1999.??.??"]
[Round "9"]
[White "Nenashev, Alexander"]
[Black "Kaminski, Marcin"]
[Result "1/2-1/2"]
[WhiteElo "2616"]
[BlackElo "2510"]

1.d4 d5 2.c4 dxc4 3.Nf3 Nf6 4.e3 e6 5.Bxc4 c5 6.O-O a6 7.dxc5 Bxc5 8.Qxd8+ Kxd8
9.Nbd2 Ke7 10.Be2 Bd7 11.b3 Bb5 12.Nc4 Nbd7 13.Bb2 Nb6 14.Rfc1 Nxc4 15.Bxc4 Rhc8
16.Rc2 Bd6 17.Rac1 Bxc4 18.Rxc4 Rxc4 19.Rxc4 Rd8 20.Kf1 Rd7 21.Ke2 Rc7 22.Rxc7+ Bxc7
23.h3 g6 24.Ba3+ Bd6 25.Bxd6+ Kxd6 26.Ng5 Ke7 27.Kd3 h6 28.Nf3 Kd6 29.Kd4 Nd7
30.Nd2 e5+ 31.Kc3 Kc5 32.b4+ Kd5 33.e4+ Kc6 34.Nc4 b5 35.Ne3 h5 36.h4 Kd6
37.Nd5 Nb8 38.f3 Nc6 39.Kd3 Ne7 40.Ne3 Nc6 41.a3 Nd4 42.Nd5 Ne6 43.Ke3  1/2-1/2

[Event "CZE-chT 9899"]
[Site "CZE"]
[Date "1999.??.??"]
[Round "11"]
[White "Obsivac, Josef"]
[Black "Salai, Ladislav"]
[Result "0-1"]
[WhiteElo "2345"]
[BlackElo "2440"]

1.d4 d5 2.c4 dxc4 3.Nf3 Nf6 4.e3 e6 5.Bxc4 c5 6.O-O a6 7.Qe2 b5 8.Bd3 cxd4
9.Nxd4 Bb7 10.Rd1 Nbd7 11.a4 bxa4 12.Nc3 Bd6 13.e4 Qb8 14.Nf3 O-O 15.Bc2 Ne5
16.Nxe5 Bxe5 17.h3 Rd8 18.Rxd8+ Qxd8 19.Rxa4 Qb6 20.Qe3 Qc6 21.Rb4 Rc8 22.Bd2 Bd6
23.Ba4 Qc7 24.Rxb7 Qxb7 25.e5 Bc5 26.Qd3 Nd5 27.Ne4 Qxb2 28.Qxa6 Qa1+ 29.Kh2 Qxe5+
30.f4 Qc7 31.Nxc5 Qxc5 32.Bb3 Rb8 33.Qa4 Qb5 34.Qxb5 Rxb5 35.Bc4 Rb2 36.Ba5 Nxf4
37.Bf1 Nd5  0-1

[Event "DEN-chT 9899"]
[Site "Denmark"]
[Date "1999.??.??"]
[Round "5"]
[White "Hansen, Lars Bo"]
[Black "Schandorff, Lars"]
[Result "1/2-1/2"]
[WhiteElo "2565"]
[BlackElo "2527"]

1.d4 d5 2.Nf3 Nf6 3.c4 dxc4 4.e3 e6 5.Bxc4 c5 6.O-O a6 7.a4 Nc6 8.Nc3 Qc7
9.h3 b6 10.d5 exd5 11.Nxd5 Nxd5 12.Bxd5 Bb7 13.Ng5 Nd8 14.Bxb7 Qxb7 15.Qg4 Be7
16.Rd1 Bxg5 17.Qxg5 Ne6 18.Qg4 O-O 19.b4 Rfd8 20.Bb2 cxb4 21.Qxb4 Rac8 22.Rxd8+ Rxd8
23.Rc1 h6  1/2-1/2

[Event "Eger Agria op"]
[Site "Eger"]
[Date "1999.??.??"]
[Round "?"]
[White "Kladiva, Istvan"]
[Black "Meszaros, Andras"]
[Result "0-1"]
[WhiteElo "2090"]
[BlackElo "2320"]

1.d4 d5 2.c4 dxc4 3.e3 c5 4.Bxc4 Nf6 5.Nf3 e6 6.O-O a6 7.a4 Nc6 8.Nc3 Qc7
9.Qe2 Bd6 10.dxc5 Bxc5 11.e4 Ng4 12.g3 Nge5 13.Nxe5 Nxe5 14.Bf4 Bd7 15.Rad1 g5
16.Bxg5 Nxc4 17.Nd5 exd5 18.exd5+ Ne5 19.Bf6 O-O 20.Qh5 Rfe8 21.d6 Bxd6 22.Rd4 Ng6
23.Qh6 Bf8 24.Qd2 Bh3 25.Rc1 Qb6 26.Rf4 Rac8 27.Rd1 Qc6  0-1

[Event "Cataluna-chT"]
[Site "ESP"]
[Date "1999.??.??"]
[Round "5"]
[White "Salgado Allaria, Carlos"]
[Black "Estremera Panos, Sergio"]
[Result "0-1"]
[WhiteElo "2340"]
[BlackElo "2405"]

1.d4 d5 2.c4 dxc4 3.Nf3 Nf6 4.e3 e6 5.Bxc4 c5 6.Qe2 cxd4 7.Nxd4 e5 8.Bb5+ Bd7
9.Nf3 e4 10.Nd4 Nc6 11.Nc3 Bd6 12.Nxc6 bxc6 13.Ba4 Qe7 14.h3 O-O 15.Bd2 Rfb8
16.Bb3 a5 17.Rc1 Qe5 18.Na4 Nd5 19.Nc5 Be8 20.Rc2 Nb4 21.Bxb4 Rxb4 22.Na4 c5
23.Nc3 Rab8 24.Nd1 a4 25.Bc4 Bc7 26.g3 h5 27.b3 Bd7 28.Nc3 Ba5 29.Kf1 axb3
30.axb3 Rxb3 31.Bxb3 Rxb3 32.Nd1 Bb5 33.Rc4 Qd5 34.Kg2 Bxc4  0-1

[Event "Hessenliga 9899"]
[Site "GER"]
[Date "1999.??.??"]
[Round "?"]
[White "Luechtemeier, Peter"]
[Black "Kersting, Martin"]
[Result "1/2-1/2"]
[WhiteElo "2200"]
[BlackElo "2270"]

1.d4 d5 2.Nf3 Nf6 3.c4 dxc4 4.e3 e6 5.Bxc4 c5 6.O-O a6 7.Bb3 Nc6 8.Nc3 Be7
9.Qe2 Qc7 10.dxc5 Bxc5 11.h3 O-O 12.e4 Nd4 13.Nxd4 Bxd4 14.Bg5 Qe5 15.Be3 Bxc3
16.bxc3 Qxe4 17.Bc2 Qe5 18.Rad1 Qh5 19.Qxh5 Nxh5 20.c4 Kh8 21.Bb6 e5 22.Rfe1 f6
23.Be4 Nf4 24.Rd6 Ne6 25.Red1 Rb8  1/2-1/2

[Event "Alfoeld Cup"]
[Site "Hajduszoboszlo"]
[Date "1999.??.??"]
[Round "6"]
[White "Pozsonyi, Istvan"]
[Black "Maklari, Arpad"]
[Result "1/2-1/2"]
[WhiteElo "2055"]
[BlackElo "2180"]

1.d4 d5 2.c4 dxc4 3.Nf3 Nf6 4.e3 e6 5.Bxc4 c5 6.O-O Nc6 7.Nc3 cxd4 8.exd4 Be7
9.Bf4 O-O 10.Rc1 a6 11.a4 Qb6 12.Qb3 Qxb3 13.Bxb3 Nb4 14.Rfd1 Bd7 15.Ne5 Rfd8
16.a5 Rac8 17.d5 exd5 18.Nxd5 Nfxd5 19.Bxd5 Nxd5 20.Rxd5 Rxc1+ 21.Bxc1 Rc8
22.Bd2 Be6 23.Rd3 Rc2 24.b4 Rb2 25.h3 h6 26.Rd4 Bf6 27.f4 g5 28.Kf1 Kg7 29.Ke1 gxf4
30.Bxf4 Rxg2 31.Rd6 Bb3 32.Bxh6+ Kxh6 33.Rxf6+ Kg7 34.Rb6 Rg3 35.Kf2 Rg5
36.Nf3 Rf5 37.Ke3 Rf6 38.Nd4 Bd5 39.h4 Rxb6 40.axb6 Kg6 41.b5 a5 42.Nc6 Kh5
43.Nxa5 Kxh4 44.Kf4 Bg2 45.Nc6 Bf1 46.Nd8 Bxb5 47.Nxb7 Ba6 48.Nd8 Kh5 49.Kf5 Bc8+
50.Kf6 Kg4 51.Nxf7 Kf4 52.Nd6 Ba6 53.Ke6 Ke3 54.Kd5 Kd3 55.Kc5 Kc3 56.Ne4+ Kd3
57.Nd6 Kc3 58.Kc6 Kb4 59.Kc7 Kc5 60.Ne4+ Kd4 61.Nf6 Kc5 62.Nd7+ Kb5 63.Nb8 Bc8  1/2-1/2

[Event "Hessen-ch int"]
[Site "Hessen"]
[Date "1999.??.??"]
[Round "9"]
[White "Majer, Damir"]
[Black "Senk, Christian"]
[Result "1-0"]
[WhiteElo "2245"]
[BlackElo "2145"]

1.d4 d5 2.c4 dxc4 3.Nf3 Nf6 4.e3 e6 5.Bxc4 c5 6.O-O a6 7.Bb3 Nc6 8.Nc3 Qc7
9.Qe2 Bd6 10.Rd1 O-O 11.dxc5 Bxc5 12.Bd2 e5 13.Rac1 e4 14.Ng5 Bg4 15.f3 exf3
16.gxf3 Bh5 17.Nd5 Qe5 18.Rxc5 Qxg5+ 19.Qg2 Qxg2+ 20.Kxg2 Nd7 21.Ne7+ Nxe7
22.Rxh5 Nf6 23.Rc5 Nc6 24.Bc3 Rfd8 25.Kf2 Rxd1 26.Bxd1 Nd7 27.Rd5 Nb6 28.Rd6 Nc4
29.Rd7 Rd8 30.Rxd8+ Nxd8 31.Bb3 Nd6 32.Bb4 Nc8 33.e4 Nc6 34.Bc5 N8e7 35.Ke3 Ng6
36.Bd5 Nge5 37.Bd6 Nd7 38.f4 Nf6 39.Bxc6 bxc6 40.Kd4 Nd7 41.Kc4 Nb6+ 42.Kc5 Na4+
43.Kxc6 Nxb2 44.Kb7 a5 45.Ka6 f6 46.Bc7 a4 47.Kb5 Kf7 48.Ba5 Ke6 49.Bc3 a3
50.f5+ Kd6 51.Bb4+ Kc7 52.Bxa3 Nd1 53.Kc4 Ne3+ 54.Kc5 g6 55.Bc1 Ng4 56.Bf4+ Kb7
57.Kd5 gxf5 58.exf5 Nf2 59.Bg3 Ng4 60.Ke6 h5 61.h3 Ne3 62.Kxf6 h4 63.Bxh4 Nd5+
64.Kg5  1-0

[Event "Godal mem"]
[Site "HUN"]
[Date "1999.??.??"]
[Round "9"]
[White "Toth, Laszlo2"]
[Black "Antal, Attila"]
[Result "1-0"]
[WhiteElo "2065"]
[BlackElo "1885"]

1.d4 d5 2.c4 dxc4 3.e3 Nf6 4.Bxc4 e6 5.Nf3 c5 6.Nc3 cxd4 7.Nxd4 a6 8.O-O b5
9.Be2 Bb7 10.Bf3 Nd5 11.Nxd5 Bxd5 12.b3 Be7 13.e4 Bb7 14.Bf4 Nc6 15.Nxc6 Bxc6
16.Rc1 Bb7 17.Rc7 Rb8 18.Qxd8+ Bxd8 19.Rxf7 Kxf7 20.Bxb8 Bb6 21.Bf4 Rd8 22.Re1 Ba5
23.Rc1 Kg6 24.h4 Rc8 25.Rxc8 Bxc8 26.e5 Kf5 27.Bh2 Bc3 28.g4+ Kg6 29.Be4+ Kh6
30.Bf4+ g5 31.Bxg5+ Kg7 32.Bf6+ Kf7 33.Bxh7 Bb7 34.g5  1-0

[Event "Imatra We ImSh 48"]
[Site "Imatra"]
[Date "1999.??.??"]
[Round "5"]
[White "Tella, Jussi"]
[Black "Dokuchaev, Aleksander"]
[Result "1-0"]
[WhiteElo "2425"]
[BlackElo "2443"]

1.d4 d5 2.c4 dxc4 3.Nf3 e6 4.e3 c5 5.Bxc4 Nf6 6.Qe2 a6 7.dxc5 Bxc5 8.O-O Nc6
9.e4 b5 10.Bd3 Nb4 11.Rd1 Qb6 12.Bg5 Bb7 13.Nc3 Nxd3 14.Rxd3 h6 15.Bxf6 gxf6
16.Rad1 Be7 17.Nd5 exd5 18.exd5 Qd6 19.Nd4 Kf8 20.Nf5 Qe5 21.Qg4 Rg8 22.Qh3 Bc5
23.Qxh6+ Ke8 24.Qh7 Rg5 25.Nd4 Bxd4 26.Rxd4 f5 27.f4 Qg7 28.Qh3 Rg4 29.Qe3+ Kf8
30.g3 Qf6 31.d6 Re8 32.Qa3 Re1+ 33.Kf2 Rxd1 34.d7+ Kg7 35.Rxd1 Qd8 36.Qc5 Rg6
37.Qe5+ Kf8 38.Qxf5 Rg8 39.Qc5+ Kg7 40.Qd4+ f6 41.g4 Kh7 42.Kg3 Qe7 43.Qd3+ Kh6
44.g5+  1-0

[Event "ISR-chT"]
[Site "Israel"]
[Date "1999.??.??"]
[Round "11"]
[White "Birnboim, Nathan"]
[Black "Alterman, Boris"]
[Result "0-1"]
[WhiteElo "2390"]
[BlackElo "2615"]

1.d4 d5 2.c4 dxc4 3.e3 Nf6 4.Bxc4 e6 5.Nf3 c5 6.O-O a6 7.a4 Nc6 8.Nc3 Be7
9.Qe2 O-O 10.Rd1 Qc7 11.h3 Rd8 12.d5 exd5 13.Bxd5 Nb4 14.e4 Nfxd5 15.Nxd5 Nxd5
16.exd5 Bf5 17.Qc4 Bd6 18.Bd2 Re8 19.Re1 Qd7 20.a5 Qb5 21.Qxb5 Rxe1+ 22.Qf1 Rxf1+
23.Rxf1 Be4 24.Be3 f6 25.Rc1 Rc8 26.Nd4 Bxd5 27.Nf5 Bf8 28.Bf4 g6 29.Nh6+ Kg7
30.Ng4 Kf7 31.Rd1 Be6 32.Nh6+ Ke8 33.Ng4 Be7 34.Re1 Rc6 35.Bd2 h5 36.Ne3 Kf7
37.g4 hxg4 38.hxg4 Rc8 39.Bc3 Bd6 40.Kg2 Rh8 41.Kf3 Rh3+ 42.Ke4 Rh4 43.Rd1 f5+
44.Kf3 fxg4+ 45.Kg2 Bc7 46.Nd5 Bb8 47.Nf6 Bf5 48.Rd5 Rh3  0-1

[Event "EU-ch02 blind "]
[Site "Krynica"]
[Date "1999.??.??"]
[Round "5"]
[White "Altinok, Kerim Osman"]
[Black "Berenguer Antonio, Jose"]
[Result "0-1"]
[WhiteElo "1850"]
[BlackElo "2000"]

1.d4 d5 2.Nf3 Nf6 3.c4 dxc4 4.e3 c5 5.Bxc4 e6 6.O-O a6 7.dxc5 Bxc5 8.Qxd8+ Kxd8
9.Nc3 b5 10.Be2 Bb7 11.a3 Nbd7 12.b4 Bd6 13.Rd1 Ke7 14.Bb2 Rac8 15.Rd2 Nb6
16.Rad1 Rhd8 17.Rd4 Nc4 18.Bxc4 Bxf3 19.gxf3 bxc4 20.Rh4 h6 21.Rdd4 g5 22.Rxh6 Be5
23.Rxd8 Rxd8 24.f4 Bxc3 25.Bxc3 Nd5 26.Be5 Rc8 27.e4 Nxf4 28.Bf6+ Kd6 29.Bxg5 Rg8
30.h4 c3 31.Kf1 Rxg5 32.hxg5 c2  0-1

[Event "Mancha Real-B 2nd"]
[Site "Mancha Real"]
[Date "1999.??.??"]
[Round "7"]
[White "Vera, Reynaldo"]
[Black "Adla, Diego"]
[Result "1-0"]
[WhiteElo "2535"]
[BlackElo "2470"]

1.d4 d5 2.c4 dxc4 3.e3 Nf6 4.Bxc4 e6 5.Nf3 c5 6.Qe2 a6 7.dxc5 Bxc5 8.O-O b5
9.Bd3 Nbd7 10.b3 Bb7 11.Bb2 O-O 12.Nbd2 Qe7 13.a4 b4 14.e4 Rfc8 15.Nc4 a5
16.Rad1 Nf8 17.Nd4 Ng6 18.g3 Nd7 19.Nb5 e5 20.Rd2 Nf6 21.Bb1 Qe6 22.Kg2 Bc6
23.h4 Bd7 24.Rh1 Ng4 25.Qf3 h5 26.Nbd6 Rc7 27.Nf5 Bxa4 28.bxa4 Qxc4 29.Bc2 Bxf2
30.Bb3 Qc5 31.Rc1 Qxc1 32.Bxc1 Rxc1 33.Rxf2 Nxf2 34.Ne7+ Nxe7 35.Qxf7+  1-0

[Event "RUS-ch sf"]
[Site "Novosibirsk"]
[Date "1999.??.??"]
[Round "1"]
[White "Popov, Roman"]
[Black "Nikitin, Andrey"]
[Result "1/2-1/2"]
[WhiteElo "2470"]
[BlackElo "2418"]

1.Nf3 d5 2.d4 Nf6 3.c4 dxc4 4.e3 e6 5.Bxc4 c5 6.O-O a6 7.Qe2 b5 8.Bb3 Bb7
9.a4 Qb6 10.axb5 axb5 11.Rxa8 Bxa8 12.Nc3 c4 13.Bc2 b4 14.Na4 Qc6 15.b3 c3
16.e4 Nbd7 17.d5 Qc7 18.dxe6 fxe6 19.Nd4 Kf7 20.Qa6 Qd6 21.Qxa8 Qxd4 22.Be3 Qe5
23.Qb7 Qb8 24.Qxb8 Nxb8 25.Nb6 Be7 26.f3 Rd8 27.Ra1 Nc6 28.Nc4 Nd7 29.Ra6 Nce5
30.Nxe5+ Nxe5 31.Kf2 Rd6 32.Rxd6 Bxd6 33.Ke2 Nd7 34.f4 e5 35.f5 Bc5 36.Bg5 h6
37.Bh4 Bg1 38.Bg3 Bd4 39.Bd3 Nc5 40.Bc4+ Ke8 41.Bd5 Kd7 42.h3 Kd6 43.Bh4 Bg1
44.Bg3 Nd7 45.Bh4 Bh2 46.Kd3 Bf4 47.Bd8 Nf6 48.Bxf6 gxf6  1/2-1/2

[Event "Recklinghausen op"]
[Site "Recklinghausen"]
[Date "1999.??.??"]
[Round "6"]
[White "Lerner, Konstantin Z"]
[Black "Levin, Felix"]
[Result "1/2-1/2"]
[WhiteElo "2585"]
[BlackElo "2530"]

1.d4 d5 2.c4 dxc4 3.e3 Nf6 4.Bxc4 e6 5.Nf3 c5 6.O-O a6 7.Bb3 cxd4 8.exd4 Nc6
9.Nc3 Be7 10.Re1 O-O 11.a3 Na5 12.Bc2 b5 13.d5 Re8 14.Bg5 Nxd5 15.Nxd5 exd5
16.Qd3 g6 17.Rxe7 Rxe7 18.Qc3 Raa7 19.a4  1/2-1/2

[Event "Recklinghausen op"]
[Site "Recklinghausen"]
[Date "1999.??.??"]
[Round "8"]
[White "Hillarp Persson, Tiger"]
[Black "Levin, Felix"]
[Result "1/2-1/2"]
[WhiteElo "2505"]
[BlackElo "2530"]

1.d4 d5 2.c4 dxc4 3.e3 e6 4.Bxc4 c5 5.Nf3 Nf6 6.Qe2 cxd4 7.exd4 Nc6 8.O-O Be7
9.Be3 O-O 10.Nc3 Qa5 11.a3 Rd8 12.Rfd1 Qh5 13.h3 a6 14.Rac1 b5 15.Ba2 Bb7
16.b4 Rac8 17.Qf1 a5 18.g4 Nxg4 19.hxg4 Qxg4+ 20.Qg2 Qh5 21.d5 axb4 22.Ne2 exd5
23.Nf4 Qf5 24.Bb1 Qd7 25.Rxd5 Ne5 26.Rxd7 Nxf3+ 27.Qxf3 Rxc1+ 28.Bxc1 Bxf3
29.Rxe7 bxa3 30.Bxa3 Rd1+ 31.Kh2 g5 32.Nd3 Rxb1 33.Kg3 Rb3 34.Re8+ Kg7 35.Bf8+ Kf6
36.Re3 Be4 37.Be7+ Kf5 38.Nc5 Rxe3+ 39.fxe3 Bd5 40.e4+ Bxe4  1/2-1/2

[Event "CXG R.Sa mem-B"]
[Site "Rio de Janeiro"]
[Date "1999.??.??"]
[Round "4"]
[White "Ferraz e Silva, Pietro"]
[Black "Maia, Marco"]
[Result "0-1"]
[WhiteElo "2000"]
[BlackElo "2165"]

1.d4 d5 2.c4 dxc4 3.Nf3 Nf6 4.e3 e6 5.Bxc4 c5 6.O-O a6 7.a4 Nc6 8.Qe2 cxd4
9.Rd1 Be7 10.exd4 O-O 11.Nc3 Qc7 12.d5 exd5 13.Nxd5 Nxd5 14.Bxd5 Bg4 15.Qe4 Bh5
16.Bf4 Qa5 17.Bxc6 bxc6 18.Qxc6 Rac8 19.Qd7 Bf6 20.Bd2 Bxf3 21.gxf3 Qd8 22.Qxd8 Rfxd8
23.Ra2 Rc2 24.Kf1  0-1

[Event "Sportland-NRW-Cup"]
[Site "Senden"]
[Date "1999.??.??"]
[Round "7"]
[White "Genkin, Michael"]
[Black "Krallmann, Matthias"]
[Result "1/2-1/2"]
[WhiteElo "2175"]
[BlackElo "2295"]

1.d4 d5 2.Nf3 Nf6 3.c4 dxc4 4.e3 e6 5.Bxc4 c5 6.O-O a6 7.a4 Nc6 8.Qe2 Qc7
9.Nc3 Bd6 10.h3 O-O 11.Rd1 b6 12.d5 exd5 13.Nxd5 Nxd5 14.Bxd5 Bb7 15.e4 Rad8
16.Be3 Ne5 17.Nxe5 Bxe5 18.Rac1 Rfe8 19.Qc2 Bxd5 20.exd5 a5 21.b3 Bh2+ 22.Kh1 Bf4
23.Bxf4 Qxf4 24.Rd3 Rd6 25.Rcd1 Re5 26.Kg1 Qe4 27.Qc4 g6 28.Re3 Qf5 29.Rf3 Qg5
30.Rfd3 Qe7 31.Kh2 Re4 32.Qc3 Qg5 33.R1d2 h5 34.Re3 Qf5 35.Rxe4 Qxe4 36.Qc4 Qe5+
37.g3 h4 38.Qxh4 Rxd5 39.Rxd5 Qxd5 40.Qc4  1/2-1/2

[Event "St Lorrain Masters-B"]
[Site "St Lorrain"]
[Date "1999.??.??"]
[Round "?"]
[White "Lukov, Valentin"]
[Black "Legky, Nikolay A"]
[Result "1/2-1/2"]
[WhiteElo "2455"]
[BlackElo "2495"]

1.d4 d5 2.c4 dxc4 3.e3 Nf6 4.Bxc4 e6 5.Nf3 c5 6.O-O Nc6 7.Qe2 cxd4 8.Rd1 Be7
9.exd4 O-O 10.Nc3 Na5 11.Bd3 b6 12.Ne5 Bb7  1/2-1/2

[Event "St Lorrain Masters"]
[Site "St Lorrain"]
[Date "1999.??.??"]
[Round "4"]
[White "Dumitrache, Dragos"]
[Black "Gentilleau, Jean Philippe"]
[Result "1-0"]
[WhiteElo "2435"]
[BlackElo "2165"]

1.d4 d5 2.Nf3 Nf6 3.c4 dxc4 4.e3 e6 5.Bxc4 c5 6.O-O Nc6 7.Qe2 cxd4 8.Rd1 Be7
9.exd4 O-O 10.Nc3 Na5 11.Bd3 b6 12.Ne5 Bb7 13.Bc2 Rc8 14.Qd3 Nc6 15.Qh3 Nb4
16.Bb1 g6 17.Bh6 Re8 18.a3 Nbd5 19.Ba2 Nh5 20.Qf3 f6 21.Qh3 Bf8  1-0

[Event "SVK-chT 9899"]
[Site "SVK"]
[Date "1999.??.??"]
[Round "6"]
[White "Likavsky, Tomas"]
[Black "Salai, Ladislav"]
[Result "1/2-1/2"]
[WhiteElo "2295"]
[BlackElo "2430"]

1.d4 d5 2.Nf3 Nf6 3.c4 dxc4 4.e3 e6 5.Bxc4 c5 6.O-O a6 7.Bb3 Nc6 8.Qe2 Be7
9.dxc5 Bxc5 10.e4 Qc7 11.Nc3 Nd4 12.Nxd4 Bxd4 13.h3 O-O 14.Bd2 Bd7 15.Rae1 Bc6
16.e5 Nd7 17.Bf4 Nc5 18.Bc2 f5 19.Be3 Bxc3 20.bxc3 Ne4 21.Bb3 Rae8 22.Bd4 f4
23.Qd3 Ng5 24.f3 Nf7 25.Rf2 Qe7  1/2-1/2

[Event "SVK-chT 9899"]
[Site "SVK"]
[Date "1999.??.??"]
[Round "9"]
[White "Polak, Tomas"]
[Black "Salai, Ladislav"]
[Result "1/2-1/2"]
[WhiteElo "2490"]
[BlackElo "2430"]

1.d4 d5 2.c4 dxc4 3.e3 e6 4.Bxc4 Nf6 5.Nf3 c5 6.O-O a6 7.a4 Nc6 8.Nc3 Be7
9.Qe2 cxd4 10.Rd1 O-O 11.exd4  1/2-1/2

[Event "SWE-chT 9899"]
[Site "Sweden"]
[Date "1999.??.??"]
[Round "10"]
[White "Helgason, Reynir"]
[Black "Svensk, Ingemar"]
[Result "1-0"]
[WhiteElo "2395"]
[BlackElo "2342"]

1.d4 d5 2.Nf3 Nf6 3.c4 dxc4 4.e3 e6 5.Bxc4 c5 6.O-O Nc6 7.Qe2 cxd4 8.Rd1 Be7
9.exd4 O-O 10.Nc3 a6 11.Bg5 Nd5 12.Bxd5 exd5 13.Bxe7 Nxe7 14.Ne5 Bd7 15.Qf3 Be8
16.Re1 Qd6 17.Nd3 Bc6 18.Re3 Rad8 19.Rae1 Ng6 20.a3 Qc7 21.b4 b6 22.g3 Bb7
23.Ne5 Rfe8 24.h4 Rc8 25.h5 Nxe5 26.Rxe5 Rxe5 27.Rxe5 f6 28.Re3 Qd6 29.Ne2 Bc6
30.Nf4 h6 31.Ng6 Re8 32.Rxe8+ Bxe8 33.Qxd5+ Qxd5 34.Ne7+ Kf8 35.Nxd5 Bxh5
36.Nxb6 Bf3 37.Nd7+ Ke7 38.Nc5 Kd6 39.Nxa6 Kd5 40.Nc7+ Kxd4 41.Ne6+ Kc4 42.Nxg7 Kb3
43.Ne8 Kxa3 44.b5 Kb4 45.b6 Kc5 46.Nxf6 Kxb6 47.Kh2 Kc5 48.Kh3 Kd6 49.Kh4 Ke6
50.Ng4 h5 51.Nh2 Bd1 52.f3  1-0

[Event "SWZ-chT"]
[Site "SWZ"]
[Date "1999.??.??"]
[Round "8"]
[White "Almada, Enrique"]
[Black "Brunner, Lucas"]
[Result "0-1"]
[WhiteElo "2323"]
[BlackElo "2492"]

1.d4 d5 2.Nf3 Nf6 3.c4 dxc4 4.e3 e6 5.Bxc4 c5 6.O-O a6 7.a4 Nc6 8.Qe2 Qc7
9.Nc3 Be7 10.Rd1 O-O 11.d5 exd5 12.Bxd5 Nb4 13.Bc4 Bg4 14.h3 Bh5 15.e4 Nd7
16.g3 Bg6 17.h4 h6 18.h5 Bh7 19.Nd5 Nxd5 20.Bxd5 Rae8 21.Ne1 Kh8 22.Be3 Bg5
23.Bxg5 hxg5 24.Qd2 Bxe4 25.Bxe4 Rxe4 26.Qxd7 Rxe1+ 27.Kg2 Qxd7  0-1

[Event "RUS-Cup"]
[Site "Tula "]
[Date "1999.??.??"]
[Round "2"]
[White "Ovetchkin, Roman"]
[Black "Nikitin, Andrey"]
[Result "1/2-1/2"]
[WhiteElo "2511"]
[BlackElo "2418"]

1.d4 d5 2.c4 dxc4 3.Nf3 Nf6 4.e3 e6 5.Bxc4 c5 6.Qe2 a6 7.dxc5 Bxc5 8.O-O O-O
9.e4 Nc6 10.e5 Nd7 11.Bf4 Be7 12.Nc3 b5 13.Bd3 Nc5 14.Bc2 Bb7 15.Rfe1 Nb4
16.Rad1 Qc7 17.Bb1 g6 18.Ng5 Rfd8 19.a3 Qc6 20.Be4 Nxe4 21.Ngxe4 Nd5 22.Nxd5 Rxd5
23.Rc1 Qd7 24.Nd6 Bxd6 25.exd6 e5 26.Bxe5 Re8 27.Rc7 Qxd6 28.Bxd6 Rxe2  1/2-1/2

[Event "RUS-Cup"]
[Site "Tula "]
[Date "1999.??.??"]
[Round "2"]
[White "Novikov, Evgenij"]
[Black "Nachev, Sergei Y"]
[Result "0-1"]
[WhiteElo "2160"]
[BlackElo "2325"]

1.d4 d5 2.c4 dxc4 3.e3 Nf6 4.Bxc4 e6 5.Nf3 c5 6.O-O a6 7.a4 Nc6 8.Nc3 Be7
9.b3 O-O 10.dxc5 Bxc5 11.Bb2 b6 12.Qc2 Bb7 13.Rad1 Qe7 14.Ne4 Nxe4 15.Qxe4 Nd4
16.Qg4 Nxf3+ 17.gxf3 g6 18.Qf4 f6 19.Rd3 Kg7 20.Rfd1 Bc6 21.Qg4 Rfe8 22.Qf4 Ra7
23.R3d2 b5 24.axb5 axb5 25.Be2 e5 26.Qg4 Qe6 27.Qxe6 Rxe6 28.Rc2 Be7 29.Rdc1 Ra6
30.e4 Kf8 31.Bc3 Bd7 32.Rd1 Red6 33.Rdc1 Rdb6 34.Bd2 Be6 35.Be3 Rb8 36.Rc3 Ra3
37.Bd1 Rd8 38.Rb1 Kf7 39.Rc7 Rd7 40.Rc6 b4 41.Rb6 Ra2 42.Rb5 Rc7 43.f4 exf4
44.Bxf4 Rca7 45.Kg2 Ra1 46.Rxa1 Rxa1 47.Bc2 Ra2 48.Bd1 Bd7 49.Rb8 Bc5 50.Bg3 Rd2
51.Bf3 Be6 52.Rb7+ Ke8 53.Rb5 Be7 54.Rb8+ Kf7 55.Rb7 Bxb3 56.Bf4 Rd8 57.Be3 Be6
58.Rxe7+ Kxe7 59.Bc5+ Kf7 60.Bxb4 Rd3 61.Bc5 Bh3+ 62.Kg3 g5 63.Be3 Be6 64.Be2 Ra3
65.Kg2 Kg6 66.Bb5 h5 67.Be8+ Kh6 68.Bd4 Bh3+  0-1

[Event "RUS-Cup"]
[Site "Tula "]
[Date "1999.??.??"]
[Round "4"]
[White "Rashkovsky, Nukhim N"]
[Black "Nikitin, Andrey"]
[Result "1-0"]
[WhiteElo "2525"]
[BlackElo "2418"]

1.d4 d5 2.Nf3 Nf6 3.c4 dxc4 4.e3 e6 5.Bxc4 c5 6.O-O a6 7.Bd3 Nbd7 8.Re1 b6
9.e4 cxd4 10.e5 Nd5 11.Nxd4 Nc5 12.Bf1 Bb7 13.a3 Be7 14.b4 Nd7 15.Qg4 g6
16.Bh6 Bf8 17.Bxf8 Kxf8 18.Nd2 Kg7 19.Nc4 h5 20.Qh3 g5 21.Qf3 g4 22.Qe4 Rb8
23.Nd6 Qg5 24.Nxb7 Rxb7 25.Bc4 Rd8 26.Bxd5 exd5 27.Nf5+ Kg8 28.Qxd5 Qxf5
29.Qxb7 Nxe5 30.Qxb6 Rd5 31.Rad1 Nd3 32.Re8+ Kg7 33.Qe3 h4 34.Qe4 Nxf2 35.Qxd5  1-0

[Event "RUS-Cup"]
[Site "Tula "]
[Date "1999.??.??"]
[Round "6"]
[White "Guliev, Sarhan"]
[Black "Vaulin, Alexander"]
[Result "0-1"]
[WhiteElo "2486"]
[BlackElo "2547"]

1.d4 d5 2.Nf3 Nf6 3.c4 dxc4 4.e3 e6 5.Bxc4 c5 6.O-O Nc6 7.Qe2 cxd4 8.Rd1 Be7
9.Nxd4 Nxd4 10.exd4 Bd7 11.Nc3 Bc6 12.d5 exd5 13.Nxd5 Nxd5 14.Bxd5 Bxd5 15.Qb5+ Qd7
16.Rxd5 Qxb5 17.Rxb5 a6 18.Rxb7 O-O-O  0-1